| 000 | 00344nam a22001457a 4500 | ||
|---|---|---|---|
| 008 | 221124b ||||| |||| 00| 0 eng d | ||
| 020 | _a9780415778459 | ||
| 041 | _aeng | ||
| 080 |
_2third edition _a159.9 |
||
| 082 | _a159.9 KER | ||
| 100 | _a25 | ||
| 101 | _aPSI | ||
| 245 |
_aSOCIAL WORK IN HEALTH SETTINGS _cKERSON S.T |
||
| 942 |
_2udc _cBK |
||
| 999 |
_c59023 _d59023 |
||